| 000 | 00690nam a22002177a 4500 | ||
|---|---|---|---|
| 999 |
_c14304 _d14304 |
||
| 003 | AR-CdUCM | ||
| 008 | 190422b ||||| |||| 00| 0 spa d | ||
| 020 | _a978-607-618-752-4 | ||
| 040 |
_aMUNICIPALIDAD PROVINCIAL DEL CUSCO _cBIBLIOTECA MUNICIPAL DEL CUSCO |
||
| 041 | _heng | ||
| 082 |
_aPI / 803.03 / _bS55 |
||
| 110 |
_aSilver Dolphin _933031 |
||
| 245 | _aHansel y gretel / | ||
| 260 |
_aMéxico : _bSilver Dolphin, _c2016. |
||
| 300 |
_a30 páginas ; _bIlustraciones, _c23 cm. |
||
| 650 |
_aLiteratura infantil _9588 |
||
| 650 |
_aCuentos infantiles _93927 |
||
| 700 |
_aBarroso Sañudo, Francisco Javier (traducción) _933032 |
||
| 942 |
_2ddc _cLIBROS |
||
| 945 |
_aacv _d2019-04-22 |
||